| 000 | 00829nmm a2200277 a 4500 | ||
|---|---|---|---|
| 003 | AR-Y00000XR | ||
| 005 | 20251128211954.0 | ||
| 008 | 047020s2000 ||||||||||||||000 | spa|| | ||
| 020 | _a950-46-0868-X | ||
| 040 | _cAR-Y00000XR | ||
| 100 | 1 | _aLabaké, Julio César | |
| 245 | 1 | 0 |
_aMétodo para aprender a pensar MAP-U _bpara desarrollar el pensamiento : carpeta de trabajo nivel universitario y preuniversitario |
| 250 | _aed. rev | ||
| 260 |
_aBuenos Aires _bSantillana Extra _c2000 |
||
| 300 | 0 | _a152 p. | |
| 521 | _aUNIVERSITARIO | ||
| 650 | 4 | _aMETODOS DE APRENDIZAJE | |
| 650 | 4 | _aAUTOAPRENDIZAJE | |
| 650 | 4 | _aDESARROLLO COGNOSCITIVO | |
| 650 | 4 | _aDESARROLLO INTELECTUAL | |
| 650 | 4 | _aPENSAMIENTO | |
| 650 | 4 | _aACTIVIDADES DE APRENDIZAJE | |
| 653 | 0 | _aEDUCACION SUPERIOR | |
| 942 | _cBK | ||
| 998 | _cines | ||
| 999 |
_c21856 _d21856 |
||